|
|
|
|
| LEADER |
01979nam a2200541 a 4500 |
| 001 |
nkc20112162948 |
| 003 |
CZ PrNK |
| 005 |
20110517130908.0 |
| 007 |
ta |
| 008 |
110125s2010 xr abc d 001 0 cze |
| 015 |
|
|
|a cnb002162948
|
| 020 |
|
|
|a 978-80-7391-429-5
|q (váz.)
|
| 035 |
|
|
|a (OCoLC)713795555
|
| 040 |
|
|
|a OLA001
|b cze
|d ABA001
|
| 041 |
1 |
|
|a cze
|h eng
|
| 043 |
|
|
|a e------
|a ff-----
|a aw-----
|
| 072 |
|
7 |
|a 94(3)
|x Dějiny zemí starověkého světa
|2 Konspekt
|9 8
|
| 072 |
|
7 |
|a 0/9-053.2
|x Literatura pro děti a mládež (naučná)
|2 Konspekt
|9 26
|
| 080 |
|
|
|a 316.72/.75
|2 MRF
|
| 080 |
|
|
|a 94(37)
|2 MRF
|
| 080 |
|
|
|a (0.053.6)
|2 MRF
|
| 080 |
|
|
|a (084.11)
|2 MRF
|
| 100 |
1 |
|
|a Wilkinson, Philip,
|d 1955-
|7 xx0037242
|4 aut
|
| 245 |
1 |
0 |
|a Řím :
|b vzestup a pád mocné říše /
|c Philip Wilkinson
|
| 250 |
|
|
|a 1. české vyd.
|
| 260 |
|
|
|a Praha :
|b Slovart,
|c c2010
|
| 300 |
|
|
|a 64 s. :
|b barev. il., mapy, portréty ;
|c 29 cm
|
| 490 |
1 |
|
|a Objevy bez hranic
|
| 500 |
|
|
|a Z angličtiny? přeložila Anna Kopecká ; ilustrace Rob Davis ... [et al.]
|
| 500 |
|
|
|a Na předsádce nalepena kruhová mapa římské říše (průměr 48 cm)
|
| 500 |
|
|
|a Chronologický přehled
|
| 500 |
|
|
|a Terminologický slovník
|
| 500 |
|
|
|a Obsahuje rejstřík
|
| 650 |
0 |
7 |
|a kultura a společnost
|7 ph122010
|z starověký Řím
|2 czenas
|
| 650 |
0 |
9 |
|a culture and society
|z Rome
|2 eczenas
|
| 655 |
|
7 |
|a publikace pro mládež
|7 fd133157
|2 czenas
|
| 655 |
|
7 |
|a obrazové publikace
|7 fd132947
|2 czenas
|
| 655 |
|
9 |
|a juvenile literature
|2 eczenas
|
| 655 |
|
9 |
|a pictorial works
|2 eczenas
|
| 651 |
|
7 |
|a starověký Řím
|7 ge131512
|x dějiny
|2 czenas
|
| 651 |
|
9 |
|a Rome
|x history
|2 eczenas
|
| 700 |
1 |
|
|a Davis, Rob
|7 jx20110228009
|4 ill
|
| 830 |
|
0 |
|a Objevy bez hranic
|0 s
|
| 910 |
2 |
|
|a BOA001
|b 4-1263.674
|
| 990 |
|
|
|a BK
|
| 995 |
|
|
|a 01
|
| 991 |
|
|
|b 201105
|c NOV
|e n
|
| 996 |
6 |
|
|b 2610477777
|c 4-1263.674
|l MZK
|r Sklad / do 1 hodiny
|n 2
|p p.v.
|w 001178391
|u 000010
|a 1
|e BOA001
|j MZK50
|s P
|